Bút pháp xây dựng nhân vật trong Hồng Lâu Mộng /

Na minha lista:
Detalhes bibliográficos
Autor principal: Trần Thị Hà.
Formato: Artigo
Idioma:Vietnamese
Tags: Adicionar Tag
Sem tags, seja o primeiro a adicionar uma tag!
Thư viện lưu trữ: Thư viện Trường Đại học Đà Lạt
LEADER 00702nam a2200229 4500
001 DLU120137155
005 ##20120712
040 # # |a DLU  |b vie 
041 # # |a vie 
044 # # |a vn 
100 # # |a Trần Thị Hà. 
245 # # |a Bút pháp xây dựng nhân vật trong Hồng Lâu Mộng /  |c Trần Thị Hà. 
773 # # |t Kỷ yếu hội nghị khoa học sinh viên Trường Đại học Đà Lạt   |g 1999, tr. 42-45 
920 # # |a Phòng Tạp chí -- Trung tâm Thông tin - Thư viện Trường Đại học Đà Lạt 
994 # # |a DLU 
900 # # |a True 
911 # # |a Phan Thị Mỹ Thảo 
925 # # |a G 
926 # # |a A 
927 # # |a BB 
980 # # |a Thư viện Trường Đại học Đà Lạt